Giáo trình cấu trúc dữ liệu 1
Gardado en:
| Autor Principal: | |
|---|---|
| Formato: | Libro |
| Idioma: | Undetermined |
| Publicado: |
Tp. HCM
Đại học Quốc gia Tp. HCM
1997
|
| Những chủ đề: | |
| Các nhãn: |
Engadir etiqueta
Sen Etiquetas, Sexa o primeiro en etiquetar este rexistro!
|
| Thư viện lưu trữ: | Trung tâm Học liệu Trường Đại học Cần Thơ |
|---|
| LEADER | 00538nam a2200169Ia 4500 | ||
|---|---|---|---|
| 001 | CTU_22686 | ||
| 008 | 210402s9999 xx 000 0 und d | ||
| 082 | |a 005.73 | ||
| 082 | |b Gi108 | ||
| 100 | |a Trần, Hạnh Nhi | ||
| 245 | 0 | |a Giáo trình cấu trúc dữ liệu 1 | |
| 245 | 0 | |c Trần Hạnh Nhi, Dương Anh Đức | |
| 260 | |a Tp. HCM | ||
| 260 | |b Đại học Quốc gia Tp. HCM | ||
| 260 | |c 1997 | ||
| 650 | |a data structures ( computer science ) | ||
| 980 | |a Trung tâm Học liệu Trường Đại học Cần Thơ | ||